[Event "Urmai Sardaran op 4th"]
[Site "Urmia"]
[Date "2015.07.22"]
[Round "1"]
[White "Moghaddamian, Afshin"]
[Black "Golizadeh, Asghar"]
[Result "1-0"]
[WhiteElo "2177"]
[BlackElo "2448"]
[PlyCount "65"]
[EventDate "2015.07.22"]
[EventType "swiss"]
[EventRounds "9"]
[EventCountry "IRI"]
[SourceTitle "EXT 2016"]
[Source "ChessBase"]
[SourceDate "2015.10.08"]
[SourceVersion "1"]
[SourceVersionDate "2015.10.08"]
[SourceQuality "1"]

1. Nf3 c5 2. c4 Nc6 3. Nc3 g6 4. g3 Bg7 5. Bg2 d6 6. 0-0 e5 7. e3 Nge7 8. d4 cxd4 9. exd4 exd4 10. Nb5 Bg4 11. Bf4 0-0 12. h3 Be6 13. Nxd6 h6 14. g4 Qd7 15. b3 g5 16. Bh2 f5 17. gxf5 Nxf5 18. Ne4 Bf7 19. Nc5 Qe7 20. Nd3 Bh5 21. Qd2 Bxf3 22. Bxf3 Nh4 23. Bd5+ Kh8 24. Qd1 Qf6 25. Qg4 Qg6 26. Be4 h5 27. Qxh4 Qe8 28. Bxc6 bxc6 29. Qxg5 Qe4 30. Qxh5+ Kg8 31. Nc5 Qc2 32. Rac1 Qxa2 33. Ne6 1-0